The family (Record no. 16932)
[ view plain ]
| 000 -LEADER | |
|---|---|
| fixed length control field | 00287nam a22001217a 4500 |
| 008 - FIXED-LENGTH DATA ELEMENTS--GENERAL INFORMATION | |
| fixed length control field | 140207t xxu||||| |||| 00| 0 eng d |
| 020 ## - INTERNATIONAL STANDARD BOOK NUMBER | |
| International Standard Book Number | 978-81-203-0470-3 |
| 100 ## - MAIN ENTRY--PERSONAL NAME | |
| Personal name | William J. Goode |
| 9 (RLIN) | 673 |
| 245 ## - TITLE STATEMENT | |
| Title | The family |
| 250 ## - EDITION STATEMENT | |
| Edition statement | second edition |
| 300 ## - PHYSICAL DESCRIPTION | |
| Extent | viii, 200 p. |
| 942 ## - ADDED ENTRY ELEMENTS (KOHA) | |
| Source of classification or shelving scheme | |
| Koha item type | Book |
| Withdrawn status | Lost status | Source of classification or shelving scheme | Damaged status | Not for loan | Collection code | Permanent Location | Current Location | Date acquired | Total Checkouts | Full call number | Barcode | Date last seen | Price effective from | Koha item type |
|---|---|---|---|---|---|---|---|---|---|---|---|---|---|---|
| Atta-ur-Rahman School of Applied Biosciences (ASAB) | Atta-ur-Rahman School of Applied Biosciences (ASAB) | 02/07/2014 | 306.8 GOO | ASAB83 | 02/07/2014 | 02/07/2014 | Book | |||||||
| Atta-ur-Rahman School of Applied Biosciences (ASAB) | Atta-ur-Rahman School of Applied Biosciences (ASAB) | 02/07/2014 | 306.8 GOO | ASAB84 | 01/19/2016 | 02/07/2014 | Book |
